Countries More Populous Than Their Neighbors - Statistics

General Stats
  • This quiz has been taken 175,400 times
    41,052 since last reset
  • The average score is 14 of 18
Answer Stats
Country Borders % Correct
India Bangladesh, Bhutan, China, Myanmar, Nepal, Pakistan
98%
United States Canada, Mexico
98%
Brazil Argentina, Bolivia, Colombia, France, Guyana, Paraguay, Peru, Suriname, Uruguay, Venezuela
95%
Germany Austria, Belgium, Czech Republic, Denmark, France, Luxembourg, Netherlands, Poland, Switzerland
93%
United Kingdom Ireland
88%
Indonesia East Timor, Malaysia, Papua New Guinea
87%
South Africa Botswana, Eswatini, Lesotho, Mozambique, Namibia, Zimbabwe
85%
Egypt Israel, Libya, Sudan
84%
Nigeria Benin, Cameroon, Chad, Niger
83%
D. R. Congo Angola, Burundi, Central African Republic, Republic of the Congo, Rwanda, South Sudan, Tanzania, Uganda, Zambia
80%
South Korea North Korea
75%
Ethiopia Djibouti, Eritrea, Kenya, Somalia, South Sudan, Sudan
69%
Sweden Finland, Norway
68%
Haiti Dominican Republic
66%
Algeria Libya, Mali, Mauritania, Morocco, Niger, Tunisia
64%
Thailand Cambodia, Laos, Malaysia, Myanmar
57%
Ghana Burkina Faso, Ivory Coast, Togo
36%
Yemen Oman, Saudi Arabia
34%
No matching quizzes found
Score Distribution
Percent of People with Each Score
Percentile by Number Answered
Your Score History
You have not taken this quiz since the last reset